00905 2200277 4500245007900000250001100079100002200090700002400112700001900136700001900155700002100174700001800195700002000213700001900233700001800252700002000270700001700290700002000307650001600327005001900343041001400362084000800376300002000384500021400404336000900618 aKoleksi Karya Siswa Kelas XI-PH b : ArgumentasicGalang ArdiansyahhText aCet. 1 aGalang Ardiansyah aGusrio Aden Pratama aMuhammad Fiqih aMuhammad Rabil aNaufal Maulana H aZhaky Ahmad H aBintang Ardinda aCahaya Saripah aCahya Saqilaa aDeviana Savitri aNilam Septia aSilva El Savira aKarya Siswa a20240219102829 aIndonesia a081 ailus. :c25 cm. aKoleksi karya siswa ini merupakan karya argumentasi dari beberapa siswa kelas XI-DKV. Beberapa karya argumentasinya seperti Gagalnya Piala Dunia U-20 di Indonesia karya dari Silva El Safira dan lain sebagainya atext